| 000 | 01302nam a2200325Ia 4500 | ||
|---|---|---|---|
| 001 | ebr10054918 | ||
| 003 | CaPaEBR | ||
| 006 | m u | ||
| 007 | cr cn||||||||| | ||
| 008 | 980806s1999 enka sf 001 0 eng d | ||
| 010 | _z 98030838 | ||
| 020 | _z0203071115 | ||
| 020 | _z0415196868 (alk. paper) | ||
| 040 |
_aCaPaEBR _cCaPaEBR |
||
| 035 | _a(OCoLC)50497280 | ||
| 050 | 1 | 4 |
_aLB3056.G7 _bS86 1999eb |
| 082 | 0 | 4 |
_a371.26/0941 _221 |
| 100 | 1 | _aSumner, Raymond. | |
| 245 | 1 | 0 |
_aUsing data for monitoring and target setting _h[electronic resource] : _ba practical guide for teachers / _cRay Sumner and Ian McCallum. |
| 260 |
_aLondon ; _aNew York : _bRoutledge, _c1999. |
||
| 300 |
_avi, 94 p. : _bill. |
||
| 500 | _aIncludes index. | ||
| 533 |
_aElectronic reproduction. _bPalo Alto, Calif. : _cebrary, _d2009. _nAvailable via World Wide Web. _nAccess may be limited to ebrary affiliated libraries. |
||
| 650 | 0 |
_aEducational tests and measurements _zGreat Britain _xData processing _vHandbooks, manuals, etc. |
|
| 650 | 0 |
_aStudents _xRating of. |
|
| 655 | 7 |
_aElectronic books. _2local |
|
| 700 | 1 |
_aMcCallum, Ian, _d1931- |
|
| 710 | 2 | _aebrary, Inc. | |
| 856 | 4 | 0 |
_uhttp://site.ebrary.com/lib/rucke/Doc?id=10054918 _zAn electronic book accessible through the World Wide Web; click to view |
| 999 |
_c63585 _d63585 |
||